000 00254nam a22001097a 4500
008 170119b xxu||||| |||| 00| 0 eng d
020 _a0721658946
041 _aeng
080 _a618.2
245 _aADVANCED NURSING PRACTICE
_cSPROSS, J.A
942 _2udc
_cBK
999 _c3194
_d3194